000 00461nam a2200181Ia 4500
001 13949
005 20260306164838.0
008 260306t2001||||xx |||||||||||||| ||spa||
041 _aESP
082 _a005.74
_bD35
100 _aMiguel Castaño, Adoración de
_eAUT
245 0 _aDiseño de bases de datos:
_bproblemas resueltos
260 _c2001
300 _axvi, 489 páginas :
_c23 cm.
650 _aGEN
654 _aCCC
942 _cLIB
_dJUS
_fJUS
_2ddc
_n
999 _c13949
_d13949